<?xml version="1.0" encoding="UTF-8"?>
<record
    xmlns:xsi="http://www.w3.org/2001/XMLSchema-instance"
    xsi:schemaLocation="http://www.loc.gov/MARC21/slim http://www.loc.gov/standards/marcxml/schema/MARC21slim.xsd"
    xmlns="http://www.loc.gov/MARC21/slim">

  <leader>02710cam a2200577 i 4500</leader>
  <controlfield tag="001">xx004846920</controlfield>
  <controlfield tag="003">NUKAT</controlfield>
  <controlfield tag="005">20260428131543.0</controlfield>
  <controlfield tag="008">200422s2020    pl a         |001 0dpol c</controlfield>
  <datafield tag="020" ind1=" " ind2=" ">
    <subfield code="a">9788380988293</subfield>
    <subfield code="q">(oprawa twarda) :</subfield>
    <subfield code="c">z&#x142; 50,00</subfield>
  </datafield>
  <datafield tag="035" ind1=" " ind2=" ">
    <subfield code="a">(OCoLC)1153322684</subfield>
  </datafield>
  <datafield tag="035" ind1=" " ind2=" ">
    <subfield code="a">(NUKAT)xx004846920</subfield>
  </datafield>
  <datafield tag="040" ind1=" " ind2=" ">
    <subfield code="a">KAT U/AM</subfield>
    <subfield code="b">pol</subfield>
    <subfield code="e">rda</subfield>
    <subfield code="c">KAT U/AMs</subfield>
    <subfield code="d">KAT U/AM</subfield>
    <subfield code="d">OLSZT 008/bak</subfield>
  </datafield>
  <datafield tag="041" ind1="1" ind2=" ">
    <subfield code="a">pol</subfield>
    <subfield code="h">eng</subfield>
  </datafield>
  <datafield tag="045" ind1="2" ind2=" ">
    <subfield code="b">d1940</subfield>
    <subfield code="b">d1952</subfield>
  </datafield>
  <datafield tag="046" ind1=" " ind2=" ">
    <subfield code="k">2020</subfield>
    <subfield code="o">1951</subfield>
    <subfield code="p">1952</subfield>
  </datafield>
  <datafield tag="245" ind1="0" ind2="0">
    <subfield code="a">Mord w Lesie Katy&#x144;skim :</subfield>
    <subfield code="b">przes&#x142;uchania przed ameryka&#x144;sk&#x105; komisj&#x105; Maddena w latach 1951-1952.</subfield>
    <subfield code="n">T. 3 /</subfield>
    <subfield code="c">wst&#x119;p, wyb&#xF3;r i opracowanie Witold Wasilewski ; prze&#x142;o&#x17C;y&#x142; Wac&#x142;aw Jan Popowski ; Instytut Pami&#x119;ci Narodowej. Komisja &#x15A;cigania Zbrodni przeciwko Narodowi Polskiemu.</subfield>
  </datafield>
  <datafield tag="246" ind1="3" ind2="0">
    <subfield code="a">Przes&#x142;uchania przed ameryka&#x144;sk&#x105; komisj&#x105; Maddena w latach 1951-1952.</subfield>
    <subfield code="n">T. 3</subfield>
  </datafield>
  <datafield tag="260" ind1=" " ind2=" ">
    <subfield code="a">Warszawa :</subfield>
    <subfield code="b">Instytut Pami&#x119;ci Narodowej. Komisja &#x15A;cigania Zbrodni przeciwko Narodowi Polskiemu,</subfield>
    <subfield code="c">2020.</subfield>
  </datafield>
  <datafield tag="300" ind1=" " ind2=" ">
    <subfield code="a">815 stron :</subfield>
    <subfield code="b">ilustracje ;</subfield>
    <subfield code="c">25 cm.</subfield>
  </datafield>
  <datafield tag="336" ind1=" " ind2=" ">
    <subfield code="a">Tekst</subfield>
    <subfield code="b">txt</subfield>
    <subfield code="2">rdacontent</subfield>
  </datafield>
  <datafield tag="337" ind1=" " ind2=" ">
    <subfield code="a">Bez urz&#x105;dzenia po&#x15B;rednicz&#x105;cego</subfield>
    <subfield code="b">n</subfield>
    <subfield code="2">rdamedia</subfield>
  </datafield>
  <datafield tag="338" ind1=" " ind2=" ">
    <subfield code="a">Wolumin</subfield>
    <subfield code="b">nc</subfield>
    <subfield code="2">rdacarrier</subfield>
  </datafield>
  <datafield tag="380" ind1=" " ind2=" ">
    <subfield code="a">Ksi&#x105;&#x17C;ki</subfield>
  </datafield>
  <datafield tag="380" ind1=" " ind2=" ">
    <subfield code="a">Publikacje naukowe</subfield>
  </datafield>
  <datafield tag="388" ind1="1" ind2=" ">
    <subfield code="a">2001-</subfield>
  </datafield>
  <datafield tag="504" ind1=" " ind2=" ">
    <subfield code="a">Indeks os&#xF3;b. Indeks geograficzny do tom&#xF3;w I-III.</subfield>
  </datafield>
  <datafield tag="600" ind1="1" ind2="7">
    <subfield code="a">Madden, Ray J.</subfield>
    <subfield code="d">(1892-1987)</subfield>
    <subfield code="2">DBN</subfield>
    <subfield code="9">40807</subfield>
  </datafield>
  <datafield tag="600" ind1="1" ind2="7">
    <subfield code="a">Madden, Ray John</subfield>
    <subfield code="d">(1892-1987).</subfield>
    <subfield code="2">kaba</subfield>
    <subfield code="9">40808</subfield>
  </datafield>
  <datafield tag="610" ind1="2" ind2="7">
    <subfield code="a">Kongres Stan&#xF3;w Zjednoczonych</subfield>
    <subfield code="2">DBN</subfield>
    <subfield code="9">40809</subfield>
  </datafield>
  <datafield tag="610" ind1="1" ind2="7">
    <subfield code="a">Stany Zjednoczone.</subfield>
    <subfield code="b">Congress.</subfield>
    <subfield code="b">House.</subfield>
    <subfield code="b">Select Committee on the Katyn Forest Massacre.</subfield>
    <subfield code="2">kaba</subfield>
    <subfield code="9">40810</subfield>
  </datafield>
  <datafield tag="648" ind1=" " ind2="7">
    <subfield code="a">1901-2000</subfield>
    <subfield code="2">DBN</subfield>
    <subfield code="9">34996</subfield>
  </datafield>
  <datafield tag="648" ind1=" " ind2="7">
    <subfield code="a">1939-1945</subfield>
    <subfield code="2">DBN</subfield>
    <subfield code="9">36042</subfield>
  </datafield>
  <datafield tag="648" ind1=" " ind2="7">
    <subfield code="a">1945-1989</subfield>
    <subfield code="2">DBN</subfield>
    <subfield code="9">36043</subfield>
  </datafield>
  <datafield tag="650" ind1=" " ind2="7">
    <subfield code="a">Egzekucja polskich oficer&#xF3;w w Katyniu (1940)</subfield>
    <subfield code="2">DBN</subfield>
    <subfield code="9">40811</subfield>
  </datafield>
  <datafield tag="650" ind1=" " ind2="7">
    <subfield code="a">Parlamentarna komisja &#x15B;ledcza</subfield>
    <subfield code="2">DBN</subfield>
    <subfield code="9">40812</subfield>
  </datafield>
  <datafield tag="650" ind1=" " ind2="7">
    <subfield code="a">Przes&#x142;uchanie &#x15B;wiadka</subfield>
    <subfield code="2">DBN</subfield>
    <subfield code="9">40813</subfield>
  </datafield>
  <datafield tag="650" ind1=" " ind2="7">
    <subfield code="a">&#x15A;ledztwo i dochodzenie</subfield>
    <subfield code="2">DBN</subfield>
    <subfield code="9">40784</subfield>
  </datafield>
  <datafield tag="650" ind1=" " ind2="7">
    <subfield code="a">Sprawa katy&#x144;ska</subfield>
    <subfield code="2">DBN</subfield>
    <subfield code="9">40759</subfield>
  </datafield>
  <datafield tag="650" ind1=" " ind2="7">
    <subfield code="a">Zbrodnia katy&#x144;ska (1940)</subfield>
    <subfield code="2">DBN</subfield>
    <subfield code="9">40760</subfield>
  </datafield>
  <datafield tag="650" ind1=" " ind2="7">
    <subfield code="a">Katy&#x144;, Zbrodnia (1940)</subfield>
    <subfield code="x">&#x17A;r&#xF3;d&#x142;a.</subfield>
    <subfield code="2">kaba</subfield>
    <subfield code="9">40814</subfield>
  </datafield>
  <datafield tag="650" ind1=" " ind2="7">
    <subfield code="a">Przes&#x142;uchanie &#x15B;wiadk&#xF3;w</subfield>
    <subfield code="z">Stany Zjednoczone</subfield>
    <subfield code="y">1945-1970</subfield>
    <subfield code="v">&#x17A;r&#xF3;d&#x142;a.</subfield>
    <subfield code="2">kaba</subfield>
    <subfield code="9">40815</subfield>
  </datafield>
  <datafield tag="651" ind1=" " ind2="7">
    <subfield code="a">Stany Zjednoczone (USA)</subfield>
    <subfield code="2">DBN</subfield>
    <subfield code="9">35652</subfield>
  </datafield>
  <datafield tag="655" ind1=" " ind2="7">
    <subfield code="a">Wydawnictwo &#x17A;r&#xF3;d&#x142;owe</subfield>
    <subfield code="2">DBN</subfield>
    <subfield code="9">35066</subfield>
  </datafield>
  <datafield tag="658" ind1=" " ind2=" ">
    <subfield code="a">Historia</subfield>
  </datafield>
  <datafield tag="700" ind1="1" ind2=" ">
    <subfield code="a">Popowski, Wac&#x142;aw Jan.</subfield>
    <subfield code="e">T&#x142;umaczenie</subfield>
    <subfield code="9">40805</subfield>
  </datafield>
  <datafield tag="700" ind1="1" ind2=" ">
    <subfield code="a">Wasilewski, Witold</subfield>
    <subfield code="d">(1972- ).</subfield>
    <subfield code="e">Wst&#x119;p</subfield>
    <subfield code="e">Redakcja</subfield>
    <subfield code="9">40806</subfield>
  </datafield>
  <datafield tag="710" ind1="2" ind2=" ">
    <subfield code="a">Instytut Pami&#x119;ci Narodowej - Komisja &#x15A;cigania Zbrodni przeciwko Narodowi Polskiemu.</subfield>
    <subfield code="e">Instytucja sprawcza</subfield>
    <subfield code="e">Wydawca</subfield>
    <subfield code="4">pbl</subfield>
    <subfield code="9">11792</subfield>
  </datafield>
  <datafield tag="920" ind1=" " ind2=" ">
    <subfield code="a">978-83-8098-829-3 (oprawa twarda) : z&#x142; 50,00</subfield>
  </datafield>
  <datafield tag="942" ind1=" " ind2=" ">
    <subfield code="2">ddc</subfield>
    <subfield code="c">BK_NM</subfield>
  </datafield>
  <datafield tag="999" ind1=" " ind2=" ">
    <subfield code="c">27843</subfield>
    <subfield code="d">27843</subfield>
  </datafield>
  <datafield tag="952" ind1=" " ind2=" ">
    <subfield code="0">0</subfield>
    <subfield code="1">0</subfield>
    <subfield code="2">ddc</subfield>
    <subfield code="4">0</subfield>
    <subfield code="7">0</subfield>
    <subfield code="8">K_mag</subfield>
    <subfield code="a">BIP</subfield>
    <subfield code="b">BIP</subfield>
    <subfield code="d">2020-11-30</subfield>
    <subfield code="e">D-36/2020</subfield>
    <subfield code="f">D</subfield>
    <subfield code="g">50.00</subfield>
    <subfield code="i">59961</subfield>
    <subfield code="l">0</subfield>
    <subfield code="o">59961</subfield>
    <subfield code="p">IPWK24065</subfield>
    <subfield code="r">2026-04-28 13:16:44</subfield>
    <subfield code="w">2026-04-28</subfield>
    <subfield code="y">BK_NM</subfield>
  </datafield>
</record>
